000
00279nam a2200121Ia 4500
100
_a
Meyerink/George
942
_c
BK
654
_a
Handbook
245
_a
Appliance Service Hand book
260
_b
Prentice Hall of India
_a
New Jersey
_c
1973
082
_a
683.3
546
_a
ENGLISH
999
_c
18476
_d
18476